|
|
|
|
| LEADER |
01867cam a2200541 a 4500 |
| 001 |
nkc20112194487 |
| 003 |
CZ PrNK |
| 005 |
20211221141157.0 |
| 007 |
ta |
| 008 |
110511s2011 xr e e 000 0 cze d |
| 015 |
|
|
|a cnb002194487
|
| 020 |
|
|
|a 978-80-7201-851-2
|q (brož.)
|z 80-7201-851-2
|
| 035 |
|
|
|a (OCoLC)776501513
|
| 040 |
|
|
|a KLG001
|b cze
|d ABA001
|d OLA001
|
| 041 |
0 |
|
|a cze
|a lat
|
| 072 |
|
7 |
|a 34
|x Právo
|2 Konspekt
|9 16
|
| 072 |
|
7 |
|a 81
|x Lingvistika. Jazyky
|2 Konspekt
|9 11
|
| 080 |
|
|
|a 34
|2 MRF
|
| 080 |
|
|
|a 811.124
|2 MRF
|
| 080 |
|
|
|a 811.162.3
|2 MRF
|
| 080 |
|
|
|a 81'373.46
|2 MRF
|
| 080 |
|
|
|a 81'374.8-022.215
|2 MRF
|
| 080 |
|
|
|a (038)81
|2 MRF
|
| 080 |
|
|
|a (038.072)
|2 MRF
|
| 100 |
1 |
|
|a Klang, Miloš,
|d 1924-
|7 xx0002771
|4 aut
|
| 245 |
1 |
0 |
|a Malá encyklopedie latiny v právu :
|b slova, slovní obraty a úsloví z latiny pro právníky /
|c Miloš Klang
|
| 250 |
|
|
|a 6., dopl. vyd.
|
| 260 |
|
|
|a Praha :
|b Linde Praha,
|c 2011
|
| 300 |
|
|
|a 191 s. ;
|c 15 cm
|
| 650 |
0 |
7 |
|a právo
|7 ph115914
|2 czenas
|
| 650 |
0 |
7 |
|a latina
|7 ph122187
|2 czenas
|
| 650 |
0 |
7 |
|a čeština
|7 ph135292
|2 czenas
|
| 650 |
0 |
7 |
|a oborová terminologie
|7 ph138998
|2 czenas
|
| 650 |
0 |
9 |
|a law
|2 eczenas
|
| 650 |
0 |
9 |
|a Latin language
|2 eczenas
|
| 650 |
0 |
9 |
|a Czech language
|2 eczenas
|
| 650 |
0 |
9 |
|a terminology (professional)
|2 eczenas
|
| 655 |
|
7 |
|a dvojjazyčné překladové slovníky
|7 fd208746
|2 czenas
|
| 655 |
|
7 |
|a terminologické slovníky
|7 fd202538
|2 czenas
|
| 655 |
|
7 |
|a výkladové slovníky
|7 fd133855
|2 czenas
|
| 655 |
|
9 |
|a bilingual translation dictionaries
|2 eczenas
|
| 655 |
|
9 |
|a terminological dictionaries
|2 eczenas
|
| 655 |
|
9 |
|a explanatory dictionaries
|2 eczenas
|
| 910 |
2 |
|
|a BOA001
|b S-1277.790
|
| 990 |
|
|
|a BK
|
| 995 |
|
|
|a 01
|
| 991 |
|
|
|b 201201
|c NOV
|e n
|
| 996 |
6 |
|
|b 2610497826
|c S-1277.790
|l MZK
|r Sklad / do 24 hodin
|n 2
|p p.v.
|w 001222536
|u 000010
|a 1
|e BOA001
|j MZK50
|s P
|